NFL Players by Pictures - Statistics

General Stats
  • This quiz has been taken 1,262 times
  • The average score is 10 of 15
Answer Stats
Picture Answer % Correct
TJ Watt
95%
Ja'Marr Chase
94%
Aaron Jones
90%
Jalen Hurts
90%
Jalen Ramsey
83%
Maxx Crosby
83%
Trevon Diggs
82%
Micah Parsons
81%
Hunter Renfrow
68%
Tyrann Mathieu
68%
Harrison Smith
67%
Budda Baker
59%
Antonio Gibson
49%
JC Jackson
24%
Mitchell Trubiksy
3%
No matching quizzes found
Score Distribution
Percent of People with Each Score
Percentile by Number Answered
Your Score History
You have not taken this quiz